000 00513nam a2200181Ia 4500
999 _c28493
_d28493
003 OSt
005 20201123125635.0
008 190216s9999||||xx |||||||||||||| ||und||
020 _a9788188420117
040 _coclc
082 _a894.8123
_bSIN/C
100 _aSingapore, Valalan
_96850
245 0 _aChakrayudhan /
_cValalan Singapore
260 _bMelinda Books,
_aPattom:
_c2003.
300 _a138p
650 _aMalayalam Novel
942 _cBK
_2ddc
_h894.8123
_iSIN/C
_k894.8123
_mSIN/C